Proposiciones 18
Zapisane w:
| Format: | Książka |
|---|---|
| Język: | hiszpański |
| Wydane: |
Santiago
Sur Ediciones
1990
|
| Hasła przedmiotowe: | |
| Etykiety: |
Dodaj etykietę
Nie ma etykietki, Dołącz pierwszą etykiete!
|
MARC
| LEADER | 00000nam a2200000 a 4500 | ||
|---|---|---|---|
| 001 | UCX0857 | ||
| 003 | CL-VaPUC | ||
| 008 | 900327e19900000CL |||||||||||||||||spa|d | ||
| 082 | 0 | 4 | |a 305 |b PRO |2 21 |
| 245 | 1 | 0 | |a Proposiciones 18 |
| 246 | 1 | 0 | |a Chile, Sociedad y Transición |
| 300 | |a 203 p | ||
| 942 | |c BK | ||
| 945 | |d 19900327 00:00:00 | ||
| 260 | |a Santiago |b Sur Ediciones |c 1990 | ||
| 650 | 0 | |a Ciencias sociales |9 256351 | |
| 650 | 7 | |a MOVILIDAD POLITICA |2 CL-VaPUC |9 468358 | |
| 650 | 0 | |a Sociología política |9 255920 | |
| 651 | 7 | |a CHILE |2 CL-VaPUC |9 468359 | |
| 583 | |a last modification |c 19900327 00:00:00 |k Rodrigo Vera | ||
| 999 | |c 299878 |d 299876 | ||
| 952 | |0 0 |1 0 |4 0 |6 305_000000000000000_PRO_1990 |7 0 |8 A |9 356873 |a BIBGIM |b BIBGIM |d 2019-11-21 |i 2855941 |o 305 PRO 1990 |p 2855941 |r 2025-01-15 |w 2019-11-21 |y BK |k SSL | ||
| 952 | |0 0 |1 0 |4 0 |6 305_000000000000000_PRO_1990 |7 0 |8 A |9 356874 |a BIBGIM |b BIBGIM |d 2019-11-21 |i 285595K |o 305 PRO 1990 |p 285595K |r 2025-01-15 |w 2019-11-21 |y BK |k SSL | ||
| 952 | |0 0 |1 0 |4 0 |6 305_000000000000000_PRO_1990 |7 0 |8 A |9 356875 |a BIBGIM |b BIBGIM |d 2019-11-21 |i 2855968 |o 305 PRO 1990 |p 2855968 |r 2025-01-15 |w 2019-11-21 |y BK |k SSL | ||
| 952 | |0 0 |1 0 |4 0 |6 305_000000000000000_PRO_1990 |7 0 |8 A |9 356876 |a BIBGIM |b BIBGIM |d 2019-11-21 |i 2855976 |o 305 PRO 1990 |p 2855976 |r 2025-01-15 |w 2019-11-21 |y BK |k SSL | ||
| 952 | |0 0 |1 0 |4 0 |6 305_000000000000000_PRO_1990 |7 0 |8 A |9 356877 |a BIBGIM |b BIBGIM |d 2019-11-21 |i 2855984 |o 305 PRO 1990 |p 2855984 |r 2025-01-15 |w 2019-11-21 |y BK |k SSL | ||
| 952 | |0 0 |1 0 |4 0 |6 305_000000000000000_PRO_1990 |7 0 |8 A |9 356878 |a BIBGIM |b BIBGIM |d 2019-11-21 |i 1946757 |o 305 PRO 1990 |p 1946757 |r 2025-01-15 |w 2019-11-21 |y BK |k SSL | ||
| 952 | |0 0 |1 0 |4 0 |6 305_000000000000000_PRO_1990 |7 0 |8 A |9 356879 |a BIBGIM |b BIBGIM |d 2019-11-21 |i 1946706 |o 305 PRO 1990 |p 1946706 |r 2025-01-15 |w 2019-11-21 |y BK |k SSL | ||
| 952 | |0 0 |1 0 |4 0 |6 305_000000000000000_PRO_1990 |7 0 |8 A |9 356880 |a BIBGIM |b BIBGIM |d 2019-11-21 |i 194665K |o 305 PRO 1990 |p 194665K |r 2025-01-15 |w 2019-11-21 |y BK |k SSL | ||